00339nam a22000977a 4500008004100000082001600041100004300057245011000100260002200210300000900232230621b xxu||||| |||| 00| 0 eng d a328.03bPCA cCommonWealth Parliamentary Association aReport of the Executive Committee 1985-1986 and report of proceedings of the General Assembly london 1986 alondonbCPAc1986 a103p